Normal view
MARC view
- Larson, Erik W, Gray, Clifford F
Entry Personal Name
001 - CONTROL NUMBER
- control field: 58169
003 - CONTROL NUMBER IDENTIFIER
- control field: NUST
005 - DATE AND TIME OF LATEST TRANSACTION
- control field: 20210628202057.0
008 - FIXED-LENGTH DATA ELEMENTS
- fixed length control field: 210628|| aca||aabn | a|a d
040 ## - CATALOGING SOURCE
- Original cataloging agency: NUST
- Transcribing agency: NUST
100 ## - HEADING--PERSONAL NAME
- Personal name: Larson, Erik W, Gray, Clifford F
670 ## - SOURCE DATA FOUND
- Source citation: Work cat.: (NUST): Larson, Erik W, Gray, Clifford F, Project management the managerial process, 2011
